000 00936nam a2200265Ia 4500
001 11353
003 GE_BSU
008 181216s||||||||xx |||||||||||||| ||und||
020 _a9785991627207
040 _cGE_BSU
080 _a351(075.8):32
100 _aВасиленко,И.А.
245 _aГосударственное и муниципальное управление.
245 _bУчебник для бакалавров.
250 _a5-е изд; перераб и доп.
260 _aМосква.
260 _bИздательство Юрайт.
260 _c2013.
300 _a495стр;21см.
300 _eБиблиогр стр:492-495
520 _aМосковский Государственный Университет им. М.В.Ломоносова.
541 _h50л.
653 _aГосударственное и муниципальное управление.
942 _cBK
999 _c44550
_d44550